Pharmacology Revision Booklet: (Record no. 1416)

MARC details
000 -LEADER
Fixed length control field 00587nam a2200205Ia 4500
003 - CONTROL NUMBER IDENTIFIER
Control field IIN
005 - DATE AND TIME OF LATEST TRANSACTION
Control field 20240125155856.0
008 - FIXED-LENGTH DATA ELEMENTS--GENERAL INFORMATION
Fixed length control field 231217s9999 xx 000 0 und d
020 ## - INTERNATIONAL STANDARD BOOK NUMBER / ISBN
Price Free
International Standard Book Number NIL
040 ## - CATALOGING SOURCE
Original cataloging agency IIN
Language of cataloging English
082 ## - DEWEY DECIMAL CLASSIFICATION NUMBER
Classification number 615.1
Book Number PAT
100 1# - MAIN ENTRY--PERSONAL NAME
Personal name JPathania, Joginder Singh
245 1# - TITLE STATEMENT
Title Pharmacology Revision Booklet:
Sub title for B.Sc Nursing
Statement of responsibility Joginder Singh Pathania , Rupendra Kumar Bharti & Vikas Sood
260 ## - IMPRINT
Name of publisher CBS
Place of publication New Delhi
Date of publication 2017
300 ## - PHYSICAL DESCRIPTION
Page / Vol. No 54p.
650 1# - SUBJECT ADDED ENTRY--TOPICAL TERM
Topical term Pharmacology
700 1# - ADDED ENTRY--PERSONAL NAME
Personal name Bharti, Rupendra Kumar
700 1# - ADDED ENTRY--PERSONAL NAME
Personal name Sood, Vikas
942 ## - ADDED ENTRY ELEMENTS (KOHA)
Koha item type Books
Holdings
Withdrawn status Lost status Damaged status Not for loan Collection code Home library Current library Date acquired Total Checkouts Call number Accession number Date last seen Price effective from Koha item type
          IDEAL INSTITUTE OF NURSING IDEAL INSTITUTE OF NURSING 17/12/2023   615.1 PAT 1410 17/12/2023 17/12/2023 Books
          IDEAL INSTITUTE OF NURSING IDEAL INSTITUTE OF NURSING 17/12/2023   615.1 PAT 1411 17/12/2023 17/12/2023 Books
          IDEAL INSTITUTE OF NURSING IDEAL INSTITUTE OF NURSING 17/12/2023   615.1 PAT 1412 17/12/2023 17/12/2023 Books
© Ideal Institute Of Nursing, All rights reserved.         Powered by Koha